| 000 | 01184nam a22002417a 4500 | ||
|---|---|---|---|
| 005 | 20240814174533.0 | ||
| 008 | s2545 th tha d | ||
| 020 | _a9741317344 | ||
| 040 | _aNALT | ||
| 041 | _atha | ||
| 100 | 0 | _aพิชัย นิลทองคำ | |
| 245 | 1 | 0 | _aกฎหมายทรัพย์สินทางปัญญาและการค้าระหว่างประเทศ |
| 260 | 3 |
_aกรุงเทพฯ : _bอฑตยา มิเล็นเนียม, _c2545 |
|
| 300 |
_a392 หน้า ; _b 21 ซม. |
||
| 650 | 0 | 4 | _aการคุ้มครองทรัพย์สินทางปัญญา |
| 650 | 0 | 4 | _aลิขสิทธิ์ (พ.ร.บ.) -- 2537 |
| 650 | 0 | 4 | _aทรัพย์สินทางปัญญา -- กฎหมายและระเบียบข้อบังคับ |
| 650 | 0 | 4 | _aการค้าระหว่างประเทศ -- กฎหมายและระเบียบข้อบังคับ |
| 850 | _aNALT | ||
| 942 |
_cLB _2lcc |
||
| 999 |
_c18653 _d18653 |
||
| 998 |
_j25 _k นีลวัสน์ อินทรักษา |
||
| 090 | _aKS102 พ642ก 2545 | ||